| 000 | 00688nam a22001937a 4500 | ||
|---|---|---|---|
| 005 | 2010080507097.0 | ||
| 010 | _aENG-98353 | ||
| 020 |
_a9788172087357 _c46.00 |
||
| 035 | _aEN-81886 | ||
| 037 | _bDBAD/PUB | ||
| 082 | _a220.24 | ||
| 100 |
_aSathya Sai Baba _910859 |
||
| 245 |
_aUpanishad vahini (essence of vedic knowledge) / _cby Sathya Sai Baba |
||
| 260 |
_aPrasanthi Nilayam _bSri Sathya Sai Sadhna Trust _c2009 |
||
| 270 |
_bPrasanthi Nilayam _e515134 |
||
| 300 |
_a124p. _c21cm (pbk) |
||
| 942 |
_2ddc _cEN _h220.24 _mSAT |
||
| 999 |
_c39455 _d39455 |
||